Combinatorial mathematics /
Guardado en:
| Autor Principal: | |
|---|---|
| Formato: | Libro |
| Idioma: | English |
| Publicado: |
[Buffalo] : [New York] :
Mathematical Association of America ; distributed by Wiley,
1963.
|
| Series: | The Carus mathematical monographs ;
no. 14 |
| Etiquetas: |
Agregar Etiqueta
Sin Etiquetas, Sea el primero en etiquetar este registro!
|
| LEADER | 00639nam a22001815 4500 | ||
|---|---|---|---|
| 001 | MAT.inmabb001774 | ||
| 008 | 730313s1963####nyu######b####001#0#eng#d | ||
| 005 | 20130415172148.0 | ||
| 245 | 1 | 0 | |a Combinatorial mathematics / |c by Herbert John Ryser. |
| 260 | |a [Buffalo] : |b Mathematical Association of America ; |a [New York] : |b distributed by Wiley, |c 1963. | ||
| 300 | |a xiv, 154 p. ; |c 20 cm. | ||
| 440 | 4 | |a The Carus mathematical monographs ; |v no. 14 | |
| 504 | |a Incluye referencias bibliográficas. | ||
| 510 | 4 | |a MR, |c 27 #51 | |
| 100 | 1 | |a Ryser, Herbert John. | |
| 084 | |a 05 |2 msc2000 | ||
| 010 | |a 63012288 | ||
| 859 | |h 05 |i R996 |p A-3154 |b BIB. MATEMATICA | ||
